Countries Glass Animals has Visited - Statistics

General Stats
  • This quiz has been taken 31 times
    4 since last reset
  • The average score is 32 of 34
Answer Stats
Continent Country % Correct
South America Argentina
100%
Oceania Australia
100%
Europe Austria
100%
Europe Belgium
100%
South America Brazil
100%
North America Canada
100%
South America Chile
100%
Asia China
100%
South America Colombia
100%
Europe Czech Republic
100%
Europe France
100%
Europe Germany
100%
Asia India
100%
Asia Indonesia
100%
Europe Ireland
100%
Asia Japan
100%
Europe Luxembourg
100%
North Ameroca Mexico
100%
Europe Netherlands
100%
Oceania New Zealand
100%
Europe Poland
100%
Europe Portugal
100%
Asia Singapore
100%
Europe Spain
100%
Europe Sweden
100%
Europe Switzerland
100%
Asia Thailand
100%
Europe United Kingdom
100%
North America United States of America
100%
Asia Azerbaijan
67%
Asia Malaysia
67%
Europe Romania
67%
Asia Taiwan
67%
Europe Hungary
33%
No matching quizzes found
Score Distribution
Percent of People with Each Score
Percentile by Number Answered
Your Score History
You have not taken this quiz since the last reset